Benchmarking v organizáciách verejného sektora

Analýza prístupu predstaviteľov verejných organizácii k metóde outsourcingu ako jednej z možností alternatívneho poskytovania služieb vo verejnom sektore. Metóda benchmarkingu, ako metóda vzájomného porovnávania získaných informácií z organizácii verejného sektora.

Salvato in:
Dettagli Bibliografici
Autore principale: Vozárová, Zuzana
Natura: Capitolo di libro
Lingua:slovacco
Soggetti:
Tags: Aggiungi Tag
Nessun Tag, puoi essere il primo ad aggiungerne!!

MARC

LEADER 00000naa a2200000 4500
001 0123054
005 20231116103143.0
041 0 |a slo 
044 |a SK 
245 1 0 |a Benchmarking v organizáciách verejného sektora  |c Zuzana Vozárová 
520 |a Analýza prístupu predstaviteľov verejných organizácii k metóde outsourcingu ako jednej z možností alternatívneho poskytovania služieb vo verejnom sektore. Metóda benchmarkingu, ako metóda vzájomného porovnávania získaných informácií z organizácii verejného sektora. 
610 2 0 |a benchmarking 
610 2 0 |a outsourcing 
610 2 0 |a sektor verejný 
610 2 0 |a služby verejné 
610 2 0 |a riadenie kvality 
100 1 |a Vozárová, Zuzana